000 00656nam a2200265Ia 4500
005 20260121170834.0
008 008 260114s9999 xx 000 0 eng d
020 _a9783030004101
037 _aEBOOK
040 _aCRL
040 _beng
040 _cCRL
041 _2eng
041 _aeng
084 _qCRL
100 _aYi-Bing Lin, Der-Jiunn Deng, Ilsun You, Chun-Cheng Lin
_91068793
245 0 _aIoT as a Service
260 _bSpringer
260 _bSpringer
260 _c2018
856 _uhttps://link.springer.com/openurl?genre=book&isbn=978-3-030-00410-1
942 _cEBOOK
999 _c1634523
_d1634523